000 00321nam a2200121 i 4500
001 bg
245 0 _aLaboratorium miernictwa elektrycznego :
_bpraca zbior. /
_cpod red. A. Wysockiego. Cz.1.
260 _aZielona Góra,
_c1984.
040 _cBPK
041 _apol
942 _cKS
008 s pl f |000 0 pol
999 _c2572
_d2572
856 _uhttp://koha.tu.koszalin.pl/cgi-bin/koha/opac-detail.pl?biblionumber=2572
_yKatalog online BPK